[Event "Slough 71/7"]
[Site "?"]
[Date "1997.??.??"]
[Round "?"]
[White "Chernin, Alexander"]
[Black "Speelman, Jonathan S"]
[Result "1-0"]
[WhiteElo "2640"]
[BlackElo "2630"]
[PlyCount "65"]
[EventDate "1997.??.??"]
[Source "ChessBase"]
[SourceDate "1997.10.01"]

1. c4 b6 2. Nc3 e6 3. Nf3 Bb7 4. e4 Bb4 5. Bd3 Ne7 6. Ne2 f5 7. Ng3 Ng6 8. O-O f4 9. Ne2 O-O 10. Bb1 Nh4 11. Nxh4 Qxh4 12. f3 e5 13. d4 Nc6 14. a3 Be7 15. dxe5 Nxe5 16. Kh1 Bd6 17. Bxf4 Rxf4 18. g3 Rxe4 19. gxh4 Rxh4 20. Nd4 Rf8 21. Be4 Ng4 22. Bxb7 Nxh2 23. Bd5+ Kh8 24. Kg2 Nxf1 25. Qxf1 Rxd4 26. Qf2 Rdf4 27. Re1 R4f6 28. Be4 g6 29. Qd4 Kg7 30. b4 c5 31. Qc3 g5 32. Rd1 Kh6 33. Rh1+ 1-0

[Event "JUG-chT"]
[Site "Tivat"]
[Date "1995.??.??"]
[Round "2"]
[White "Beliavsky, Alexander G"]
[Black "Miladinovic, Igor"]
[Result "1/2-1/2"]
[WhiteElo "2650"]
[BlackElo "2555"]
[PlyCount "38"]
[EventDate "1995.??.??"]
[Source "ChessBase"]

1. c4 Nc6 2. g3 e6 3. Nf3 d5 4. Bg2 Nf6 5. O-O Be7 6. d4 O-O 7. b3 b6 8. Bb2 Bb7 9. Nbd2 a5 10. a3 Nb8 11. cxd5 exd5 12. Ne5 c5 13. dxc5 bxc5 14. Rc1 Qd6 15. Qc2 Nbd7 16. Nxd7 Nxd7 17. Rfd1 a4 18. Qf5 Qe6 19. Bh3 Qxf5 1/2-1/2

[Event "Garmisch"]
[Site "Garmisch"]
[Date "1994.??.??"]
[Round "11"]
[White "Stangl, Markus"]
[Black "Jussupow, Artur"]
[Result "1-0"]
[WhiteElo "2535"]
[BlackElo "2655"]
[PlyCount "76"]
[EventDate "1994.??.??"]
[Source "ChessBase"]

1. c4 e6 2. g3 f5 3. Bg2 Nf6 4. Nf3 Be7 5. O-O O-O 6. b3 Qe8 7. Nc3 Qh5 8. d3 b6 9. Ne5 c6 10. e4 d6 11. Qxh5 Nxh5 12. Nf3 e5 13. Ba3 Re8 14. d4 f4 15. Rfd1 Nd7 16. Bh3 Ndf6 17. Kg2 g6 18. Rac1 exd4 19. Nxd4 Bb7 20. f3 fxg3 21. hxg3 Ng7 22. Ne6 d5 23. Bxe7 Rxe7 24. cxd5 cxd5 25. exd5 Nf5 26. Kf2 Nd6 27. Nf4 g5 28. Be6+ Kg7 29. Nfe2 Rf8 30. Nd4 Kg6 31. g4 h5 32. gxh5+ Nxh5 33. Ncb5 Nxb5 34. Nxb5 Rxe6 35. dxe6 Rxf3+ 36. Ke1 Nf4 37. Nd4 Rh3 38. Rc7 Ba6 1-0

[Event "Luzern"]
[Site "?"]
[Date "1993.??.??"]
[Round "?"]
[White "Serper, G."]
[Black "Yermolinsky, A."]
[Result "1/2-1/2"]
[WhiteElo "2575"]
[BlackElo "2605"]
[PlyCount "82"]
[EventDate "1993.??.??"]
[Source "ChessBase"]
[SourceDate "1993.10.01"]

1. c4 b6 2. e4 Bb7 3. Nc3 e6 4. Nf3 Bb4 5. Qb3 Na6 6. Be2 Ne7 7. O-O O-O 8. d3 Ng6 9. Bd2 d6 10. a3 Nc5 11. Qc2 Bxc3 12. Bxc3 f5 13. exf5 Rxf5 14. d4 Ne4 15. Bd3 Ng5 16. Nxg5 Qxg5 17. Be4 Bxe4 18. Qxe4 Re8 19. Rae1 Nf4 20. g3 d5 21. cxd5 Nxd5 22. f4 Qg4 23. Bd2 h5 24. Qf3 Qxf3 25. Rxf3 g5 26. Rf2 g4 27. Rfe2 Kf7 28. Rc1 Rh8 29. Rc6 Re8 30. Kg2 Re7 31. Re1 a5 32. b4 axb4 33. axb4 Nf6 34. Re5 Rxe5 35. dxe5 Ne4 36. Be1 Kg6 37. Kf1 Kf5 38. Ke2 Rd7 39. Ke3 Rd1 40. Ke2 Rd7 41. Ke3 Rd1 1/2-1/2

[Event "BL2-West 9900"]
[Site "Germany"]
[Date "1999.12.12"]
[Round "3.1"]
[White "Miezis, Normunds"]
[Black "Georgiev, Kiril"]
[Result "0-1"]
[WhiteElo "2524"]
[BlackElo "2650"]
[PlyCount "148"]
[EventDate "1999.10.??"]
[Source "ChessBase"]
[SourceDate "2000.03.10"]

1. c4 b6 2. Nc3 Bb7 3. e4 c5 4. g3 g6 5. Bg2 Bg7 6. Nge2 Nc6 7. a3 e6 8. f4 Nge7 9. O-O O-O 10. d3 d6 11. g4 f5 12. Ng3 Qd7 13. Rb1 Rae8 14. Bd2 Nd4 15. b4 Bc6 16. b5 Bb7 17. Kh1 Kh8 18. a4 d5 19. gxf5 gxf5 20. Nh5 Rg8 21. cxd5 exd5 22. e5 Ne6 23. Qf3 Ba8 24. Ne2 d4 25. Qh3 Bxg2+ 26. Qxg2 Bxe5 27. Neg3 Bg7 28. Rbe1 Nc7 29. Qf3 Ref8 30. Re2 Rf7 31. Rfe1 Bf8 32. Qb7 Nc8 33. Rg2 Rg6 34. Rge2 Rg8 35. Rg2 Be7 36. Reg1 Rg6 37. Re1 Bd6 38. Rge2 Rg8 39. Rg2 Rff8 40. Rge2 Qf7 41. Rg2 Qd5 42. Qxd5 Nxd5 43. Re6 Rg6 44. Re1 Nce7 45. Rge2 Kg8 46. Kg2 Kf7 47. Kf3 Rc8 48. Rc1 a6 49. Rb1 a5 50. Rc1 Rh6 51. Rg2 Rg8 52. Rcg1 Rgg6 53. Re1 Nf6 54. Nxf6 Rxf6 55. Reg1 Nd5 56. Ne2 Rh3+ 57. Rg3 Rfh6 58. Be1 Rxh2 59. Rg7+ Kf6 60. Rd7 Ke6 61. Rb7 Rh1 62. Bg3 Rxg1 63. Nxg1 Bc7 64. Ra7 Kd7 65. Ra8 Re6 66. Rh8 Re3+ 67. Kf2 Bxf4 68. Rxh7+ Re7 69. Rh5 Bxg3+ 70. Kxg3 Rg7+ 71. Kh2 Nf4 72. Rxf5 Nxd3 73. Rf6 Kc7 74. Nf3 Nb2 0-1

[Event "RUS-ch"]
[Site "Elista"]
[Date "1996.??.??"]
[Round "8"]
[White "Pigusov, Evgeny"]
[Black "Zvjaginsev, Vadim"]
[Result "1/2-1/2"]
[WhiteElo "2570"]
[BlackElo "2590"]
[PlyCount "61"]
[EventDate "1996.10.15"]
[Source "ChessBase"]

1. c4 b6 2. b3 Bb7 3. Bb2 Nf6 4. Nf3 c5 5. e3 e6 6. g3 d5 7. Bg2 dxc4 8. bxc4 g6 9. O-O Nbd7 10. Ne5 Bxg2 11. Nxd7 Qxd7 12. Kxg2 Qc6+ 13. Qf3 Qxf3+ 14. Kxf3 Be7 15. a4 Kd7 16. a5 Kc6 17. a6 Rhd8 18. Bxf6 Bxf6 19. Ra2 b5 20. cxb5+ Kxb5 21. Na3+ Kc6 22. Nc4 Rab8 23. Na5+ Kd7 24. Nb7 Rdc8 25. Rb1 c4 26. Ra4 c3 27. dxc3 Bxc3 28. Nc5+ Kc6 29. Nb7 Kd7 30. Nc5+ Kc6 31. Nb7 1/2-1/2

[Event "URS-ESP mT"]
[Site "Logrono"]
[Date "1991.??.??"]
[Round "?"]
[White "Illescas Cordoba, Miguel"]
[Black "Polugaevsky, Lev A"]
[Result "1/2-1/2"]
[WhiteElo "2545"]
[BlackElo "2610"]
[PlyCount "93"]
[EventDate "1991.12.??"]
[Source "www.chesslib.no"]
[SourceDate "2004.05.04"]

1. c4 e6 2. Nc3 f5 3. g3 Nf6 4. Bg2 d5 5. d4 c6 6. Nf3 Bd6 7. O-O O-O 8. b3 Bd7 9. Bb2 Be8 10. Qc1 Ne4 11. Ne5 Nd7 12. Nxe4 dxe4 13. f3 Nxe5 14. dxe5 Bc5+ 15. Kh1 exf3 16. exf3 f4 17. Bh3 Qe7 18. Qc2 Bh5 19. Kg2 Rf7 20. Rad1 fxg3 21. hxg3 Raf8 22. g4 Bg6 23. Qe2 h5 24. Bc1 hxg4 25. Bxg4 Bf5 26. Be3 a5 27. Rh1 Bxg4 28. fxg4 Bxe3 29. Qxe3 Rf4 30. Qe2 Qg5 31. Kg3 a4 32. Rd3 Qg6 33. Rhd1 Qf7 34. R1d2 Rf1 35. Kg2 Rf4 36. Rd8 Qg6 37. Rxf8+ Rxf8 38. bxa4 Qg5 39. Rd7 Rf4 40. Kg3 Rf5 41. Qd2 Qxd2 42. Rxd2 Rxe5 43. Rb2 Ra5 44. Rxb7 Rxa4 45. Re7 Rxc4 46. Rxe6 Kf7 47. Rd6 1/2-1/2

[Event "I Open internazionale"]
[Site "Gurgon IND"]
[Date "2009.01.26"]
[Round "7"]
[White "Lalith, B."]
[Black "Areshchenko, A."]
[Result "0-1"]
[WhiteElo "2477"]
[BlackElo "2673"]
[PlyCount "70"]
[EventDate "2009.01.21"]
[Source "www.chesslib.no"]
[SourceDate "2004.05.04"]

1. Nf3 g6 2. c4 Bg7 3. e4 e5 4. d4 exd4 5. Nxd4 Nc6 6. Nxc6 bxc6 7. Be2 d6 8. O-O Ne7 9. Nc3 O-O 10. Be3 c5 11. Qd2 Rb8 12. b3 Nc6 13. Rad1 Nd4 14. Bxd4 Bxd4 15. Nb5 Bg7 16. Nxa7 Bb7 17. Nb5 Bxe4 18. Qf4 Re8 19. Rfe1 Be5 20. Qd2 Qf6 21. Bf1 Bf4 22. Qc3 Qd8 23. Bd3 Be5 24. Qd2 Bxd3 25. Qxd3 c6 26. f4 Bxf4 27. Rxe8+ Qxe8 28. Nxd6 Qe3+ 29. Qxe3 Bxe3+ 30. Kf1 f5 31. Re1 Bf4 32. Re6 Bxh2 33. Kf2 Ra8 34. a4 Rb8 35. a5 Rxb3 0-1

[Event "New York op"]
[Site "New York"]
[Date "1998.03.19"]
[Round "6"]
[White "Sokolin, Leonid M"]
[Black "Shabalov, Alexander"]
[Result "0-1"]
[WhiteElo "2530"]
[BlackElo "2615"]
[PlyCount "112"]
[EventDate "1998.03.16"]
[Source "ChessBase"]
[SourceDate "1998.06.15"]

1. c4 b6 2. e4 e6 3. Qe2 c5 4. f4 Nc6 5. Nf3 g6 6. g3 Bg7 7. Bg2 Nge7 8. d3 O-O 9. O-O d6 10. Nc3 Rb8 11. Kh1 a6 12. Be3 b5 13. cxb5 axb5 14. g4 b4 15. Nd1 f5 16. gxf5 exf5 17. Nf2 Ba6 18. Ng5 Qd7 19. Qc2 h6 20. Nf3 fxe4 21. dxe4 Bxf1 22. Rxf1 Nd4 23. Nxd4 cxd4 24. Bd2 Qb5 25. Qb3+ Kh7 26. Re1 Nc6 27. Qh3 b3 28. a3 Qc4 29. Nd3 Qc2 30. Bc1 Rbe8 31. Rg1 Rf6 32. Qg3 Ne7 33. h4 Rb8 34. h5 Qe2 35. hxg6+ Rxg6 36. Qh3 Rg8 37. f5 Rxg2 38. Rxg2 Qxe4 39. f6 Nf5 40. Kh2 Bxf6 41. Rxg8 Kxg8 42. Qg2+ Qxg2+ 43. Kxg2 Kf7 44. Kf3 Ke6 45. Ke4 d5+ 46. Kf3 Kd6 47. Bd2 h5 48. a4 Kc6 49. Nc1 Nd6 50. Nxb3 Nc4 51. Na5+ Kb6 52. Nb3 d3 53. Bf4 Bxb2 54. Bg3 Ba3 55. Bf2+ Kc6 56. Bg3 d2 0-1

[Event "Mind Sports Games - Blitz Pair"]
[Site "Pechino CINA"]
[Date "2008.10.08"]
[Round "10"]
[White "Ghaem Maghami, E."]
[Black "Reinderman, D."]
[Result "1-0"]
[WhiteElo "2599"]
[BlackElo "2543"]
[PlyCount "123"]
[EventDate "2008.10.08"]
[Source "www.chesslib.no"]
[SourceDate "2004.05.04"]

1. c4 b6 2. Nc3 Bb7 3. e3 g6 4. Nf3 Bg7 5. d4 Nf6 6. Bd3 O-O 7. e4 d6 8. O-O c5 9. d5 e6 10. h3 exd5 11. exd5 Re8 12. Bf4 a6 13. a4 Qe7 14. Re1 Qf8 15. Qb3 Nbd7 16. a5 Rxe1+ 17. Rxe1 b5 18. cxb5 axb5 19. Bxb5 Qb8 20. Bxd7 Nxd7 21. Bxd6 Qxd6 22. Qxb7 Rxa5 23. Nb5 Rxb5 24. Qxb5 Qxd5 25. b3 h6 26. Re8+ Nf8 27. Qc4 Qc6 28. Re1 Ne6 29. Rd1 Qb7 30. Qd5 Qb4 31. g3 Nd4 32. Nxd4 Bxd4 33. Kg2 Qc3 34. Qf3 Qb4 35. h4 h5 36. Rc1 Kg7 37. Rc2 Qb5 38. Re2 Bf6 39. Re4 Qb6 40. Rf4 Qe6 41. Re4 Qd6 42. Ra4 Qe6 43. Ra7 Bd4 44. Rb7 Bf6 45. Rc7 Bd4 46. Rc6 Qe5 47. Ra6 Qe7 48. Ra2 Qe5 49. Re2 Qc7 50. Qd5 Bf6 51. Rc2 Be7 52. b4 Qa7 53. bxc5 Qa4 54. Rc4 Qa2 55. c6 Qa8 56. Qe4 Bf6 57. c7 Qc8 58. Qd5 Be7 59. Qc6 Bf6 60. Ra4 Be5 61. Ra7 f6 62. Qb7 1-0

[Event "Catalunya-chT"]
[Site "?"]
[Date "1998.??.??"]
[Round "1"]
[White "Illescas Cordoba Miguel"]
[Black "Arencibia Walter"]
[Result "0-1"]
[WhiteElo "2600"]
[BlackElo "2535"]
[PlyCount "84"]
[EventDate "1998.??.??"]
[Source "www.chesslib.no"]
[SourceDate "2004.05.04"]

1. c4 b6 2. Nc3 e6 3. e4 Bb7 4. Nf3 Bb4 5. Bd3 Ne7 6. O-O O-O 7. e5 Ng6 8. Be4 Bxe4 9. Nxe4 Be7 10. d4 d6 11. exd6 cxd6 12. d5 e5 13. a4 a5 14. Ra3 Nd7 15. h4 Nf6 16. Nxf6+ Bxf6 17. h5 Ne7 18. Nd2 Bg5 19. Ne4 Bxc1 20. Qxc1 Nf5 21. Re1 Nd4 22. Rg3 f5 23. Qg5 Qxg5 24. Nxg5 Rac8 25. b3 h6 26. Nf3 Nxf3+ 27. Rxf3 f4 28. Kh2 Rf5 29. Rh3 Rg5 30. Kg1 Kf7 31. Re4 Ke7 32. g3 Rf8 33. Kg2 Rff5 34. Rh4 Rxh5 35. Rg4 Rhg5 36. Rxg5 Rxg5 37. Re1 fxg3 38. fxg3 Rg4 39. Kf3 h5 40. Rf1 g6 41. Rf2 e4+ 42. Kg2 h4 0-1

[Event "Wall Street 5'"]
[Site "New York, NY USA"]
[Date "1993.??.??"]
[Round "1.3"]
[White "Dzindzichashvili, Roman"]
[Black "Shabalov, Alexander"]
[Result "1-0"]
[WhiteElo "2550"]
[BlackElo "2575"]
[PlyCount "69"]
[EventDate "1993.??.??"]
[Source "www.chesslib.no"]
[SourceDate "2004.05.04"]

1. c4 b6 2. Nf3 Bb7 3. Nc3 e6 4. d3 Bb4 5. e4 Ne7 6. Be2 O-O 7. O-O f5 8. e5 d6 9. d4 Bxc3 10. bxc3 Qe8 11. Ba3 Qd7 12. Re1 Ng6 13. d5 exd5 14. cxd5 Na6 15. e6 Qe7 16. c4 Nc5 17. Bb2 c6 18. Qd4 cxd5 19. cxd5 Rac8 20. Rac1 a5 21. h4 Ne4 22. Bd3 Rc5 23. Bxe4 fxe4 24. Rxc5 bxc5 25. Qxe4 Rf4 26. Qd3 Rg4 27. g3 h5 28. Qf5 Nf4 29. Ng5 Rxg5 30. hxg5 Nxd5 31. g6 Nf6 32. Bxf6 gxf6 33. Qxh5 Bc6 34. Rb1 Qc7 35. Rb8+ 1-0

[Event "Open"]
[Site "?"]
[Date "1996.11.16"]
[Round "8"]
[White "Sorokin Maxim"]
[Black "Rodriguez Andres"]
[Result "1/2-1/2"]
[WhiteElo "2550"]
[BlackElo "2565"]
[PlyCount "74"]
[EventDate "1996.??.??"]
[Source "www.chesslib.no"]
[SourceDate "2004.05.04"]

1. Nf3 e6 2. c4 f5 3. g3 Nf6 4. Bg2 d5 5. O-O c6 6. d3 Be7 7. b3 O-O 8. Bb2 a5 9. Nbd2 Na6 10. a3 Ng4 11. Qc2 Bf6 12. d4 g5 13. e3 Bd7 14. h3 Nh6 15. Ne5 Be8 16. Nd3 Bg6 17. f4 Nf7 18. b4 Nd6 19. Nc5 Qe7 20. Nxa6 Rxa6 21. bxa5 gxf4 22. gxf4 Rxa5 23. Bc3 Raa8 24. Kh2 Kh8 25. Rg1 Rg8 26. Bb4 Rg7 27. Bf3 Qc7 28. Bxd6 Qxd6 29. c5 Qc7 30. Kh1 Rag8 31. Rg2 Bh5 32. Rag1 Rxg2 33. Rxg2 Rxg2 34. Bxg2 Qa5 35. Bf3 Bxf3+ 36. Nxf3 Qxa3 37. Qd2 Qa1+ 1/2-1/2

[Event "LOE-Coupe de"]
[Site "LOE-Clichy Coupe de"]
[Date "1991.??.??"]
[Round "?"]
[White "Lautier, Joel"]
[Black "Vaisser, Anatoli V"]
[Result "1-0"]
[WhiteElo "2550"]
[BlackElo "2565"]
[PlyCount "67"]
[EventDate "1991.??.??"]
[Source "www.chesslib.no"]
[SourceDate "2004.05.04"]

1. Nf3 e6 2. c4 f5 3. g3 Nf6 4. Bg2 d5 5. O-O Bd6 6. b3 Qe7 7. Bb2 O-O 8. d3 c6 9. Nbd2 f4 10. gxf4 Bxf4 11. e3 Bd6 12. Ne5 b5 13. e4 Bb7 14. Re1 dxc4 15. bxc4 Nfd7 16. Nef3 e5 17. d4 Na6 18. cxb5 cxb5 19. Qb3+ Kh8 20. Qxb5 Nb4 21. dxe5 Bc5 22. e6 Bc6 23. Qe2 Qxe6 24. Nb3 Rae8 25. Red1 Bb6 26. Nbd4 Qf5 27. Qd2 Bxd4 28. Nxd4 Ne5 29. Rf1 Qg6 30. Qxb4 Bxe4 31. f3 Bxf3 32. Nxf3 Nxf3+ 33. Kh1 Qc2 34. Qc3 1-0

[Event "MK Cafe Cup-A"]
[Site "Koszalin"]
[Date "1998.08.12"]
[Round "10"]
[White "Markowski, Tomasz"]
[Black "Malaniuk, Vladimir P"]
[Result "1-0"]
[WhiteElo "2525"]
[BlackElo "2590"]
[PlyCount "52"]
[EventDate "1998.08.03"]
[Source "ChessBase"]
[SourceDate "1998.09.09"]

1. g3 f5 2. Bg2 Nf6 3. c4 g6 4. Nc3 Bg7 5. Nf3 d6 6. O-O O-O 7. Rb1 a5 8. a3 Nh5 9. b4 axb4 10. axb4 e5 11. Bb2 e4 12. Ne1 Nc6 13. d3 Nxb4 14. Nxe4 Na2 15. Qb3 fxe4 16. Ra1 Be6 17. Bxg7 Kxg7 18. Bxe4 Nf6 19. Bg2 d5 20. Rxa2 dxc4 21. dxc4 Rxa2 22. Qxa2 b5 23. Nf3 Bxc4 24. Qb2 c5 25. Rc1 Qd6 26. e4 Qb6 1-0

[Event "Bad Wiessee (23.10.-31.10.)"]
[Site "?"]
[Date "1999.10.28"]
[Round "6"]
[White "Krasenkow Michal"]
[Black "Galdunts Sergey"]
[Result "1-0"]
[WhiteElo "2647"]
[BlackElo "2464"]
[PlyCount "42"]
[EventDate "1999.??.??"]
[Source "www.chesslib.no"]
[SourceDate "2004.05.04"]

1. c4 e6 2. Nc3 f5 3. Nf3 Nf6 4. Qc2 Be7 5. d4 d5 6. Bf4 c6 7. e3 O-O 8. Bd3 Ne4 9. g4 Qa5 10. Rg1 b5 11. cxb5 cxb5 12. gxf5 Nc6 13. Bxe4 Nb4 14. Qb1 dxe4 15. Qxe4 Nd5 16. Be5 Bf6 17. Qg4 Bxe5 18. Nxe5 Qc7 19. Nd7 Qxd7 20. fxe6 Qb7 21. Nxd5 Kh8 1-0

[Event "VIII Int Rapid"]
[Site "El Sauzal ESP"]
[Date "2007.11.04"]
[Round "8"]
[White "Movsziszian, K."]
[Black "Moskalenko, V."]
[Result "1-0"]
[WhiteElo "2531"]
[BlackElo "2575"]
[PlyCount "40"]
[EventDate "2007.11.03"]
[Source "www.chesslib.no"]
[SourceDate "2004.05.04"]

1. g3 f5 2. Bg2 Nf6 3. c4 e6 4. Nf3 d5 5. O-O c6 6. b3 Bd6 7. Bb2 Qe7 8. Nc3 O-O 9. d3 dxc4 10. bxc4 e5 11. e3 Kh8 12. d4 e4 13. Nd2 Nbd7 14. f3 exf3 15. Qxf3 Ba3 16. Rab1 Bxb2 17. Rxb2 Nb6 18. c5 Nbd5 19. Nxd5 cxd5 20. Rc1 Be6 1-0

[Event "Zepter op"]
[Site "Minsk"]
[Date "1998.05.03"]
[Round "9"]
[White "Markowski, Tomasz"]
[Black "Malaniuk, Vladimir P"]
[Result "0-1"]
[WhiteElo "2505"]
[BlackElo "2600"]
[PlyCount "94"]
[EventDate "1998.04.25"]
[Source "ChessBase"]
[SourceDate "1998.07.07"]

1. g3 f5 2. Bg2 Nf6 3. c4 g6 4. Nc3 d6 5. d3 Bg7 6. e4 c6 7. Nge2 e5 8. O-O O-O 9. exf5 Bxf5 10. d4 Qd7 11. dxe5 dxe5 12. b3 Qe7 13. h3 Na6 14. Bg5 Nc5 15. Qc1 Ne6 16. Be3 h5 17. Rd1 a6 18. Qb2 Rad8 19. Rxd8 Rxd8 20. Rd1 Rxd1+ 21. Nxd1 Qd7 22. Qd2 Qxd2 23. Bxd2 Nd4 24. Ndc3 Bd3 25. Nc1 Bc2 26. Kf1 Kf7 27. Be3 Bf8 28. Ke1 Bb4 29. Bd2 Ba3 30. N1e2 Bf5 31. f4 Nc2+ 32. Kd1 Bd6 33. fxe5 Bxe5 34. Bg5 Nd4 35. Nxd4 Bxd4 36. Kd2 Ke6 37. Bf4 Bc5 38. Ke2 Bb4 39. Bd2 Bd6 40. Bf4 Bb4 41. Bd2 Ke5 42. Ke3 b5 43. cxb5 cxb5 44. Ke2 Bf8 45. Bg5 b4 46. Na4 Nd5 47. Bd2 Kd4 0-1

[Event "Riga LAT, Men Ch 2005"]
[Site "?"]
[Date "2005.05.18"]
[Round "8"]
[White "Miezis Normunds"]
[Black "Kengis Edvins"]
[Result "1/2-1/2"]
[WhiteElo "2564"]
[BlackElo "2537"]
[PlyCount "26"]
[EventDate "2005.??.??"]
[Source "www.chesslib.no"]
[SourceDate "2004.05.04"]

1. c4 b6 2. Nc3 Bb7 3. e4 e6 4. Nf3 Bb4 5. Bd3 Ne7 6. O-O O-O 7. e5 Ng6 8. Be4 Bxe4 9. Nxe4 d5 10. exd6 Bxd6 11. d4 Nd7 12. Re1 h6 13. Bd2 Nf6 1/2-1/2

[Event "FRA-ch Haute"]
[Site "Vichy"]
[Date "2000.08.26"]
[Round "11"]
[White "Hauchard, Arnaud"]
[Black "Bauer, Christian"]
[Result "1/2-1/2"]
[WhiteElo "2539"]
[BlackElo "2562"]
[PlyCount "129"]
[EventDate "2000.08.15"]
[Source "ChessBase"]
[SourceDate "2000.11.21"]

1. c4 b6 2. Nf3 Bb7 3. g3 f5 4. Bg2 Nf6 5. O-O g6 6. Nc3 Bg7 7. d3 O-O 8. Bd2 c5 9. a3 Nc6 10. Rb1 d6 11. b4 Qd7 12. Qa4 Rfd8 13. Rfc1 e6 14. Qd1 h6 15. Qf1 g5 16. h4 g4 17. Ne1 Nh5 18. b5 Ne5 19. Bxb7 Qxb7 20. Qg2 Qf7 21. e3 Rab8 22. Ne2 Ng6 23. Bc3 e5 24. Ba1 d5 25. cxd5 Rxd5 26. e4 fxe4 27. Qxe4 Rf8 28. Qe3 Nhf4 29. gxf4 exf4 30. Qd2 Bxa1 31. Rxa1 Nxh4 32. Kf1 g3 33. f3 Kh7 34. Ng1 Ng6 35. Ng2 Qd7 36. Rc3 h5 37. Ne1 h4 38. Qg2 Re5 39. Rb1 Rfe8 40. Rc2 Qxb5 41. Rbc1 Ne7 42. Re2 Rxe2 43. Nxe2 Qd7 44. Nxf4 Nf5 45. Qh3 Re5 46. Nc2 Qc6 47. Kg1 Qf6 48. Rf1 Qg5 49. Qg4 Qxg4 50. fxg4 Nh6 51. Kg2 Nxg4 52. Kh3 Nh2 53. Re1 Nf3 54. Rxe5 Nxe5 55. Ne3 b5 56. Kxh4 b4 57. axb4 cxb4 58. Kxg3 a5 59. Nc2 b3 60. Na3 b2 61. Kf2 a4 62. Ke2 b1=N 63. Nxb1 a3 64. Nxa3 Nxd3 65. Nxd3 1/2-1/2

[Event "NED-ch op 5'"]
[Site "?"]
[Date "2003.02.15"]
[Round "?"]
[White "Bosboom Manuel"]
[Black "Seirawan Yasser"]
[Result "1-0"]
[WhiteElo "2450"]
[BlackElo "2635"]
[PlyCount "114"]
[EventDate "2003.??.??"]
[Source "www.chesslib.no"]
[SourceDate "2004.05.04"]

1. c4 a5 2. a3 c5 3. Nc3 Nc6 4. e3 e5 5. Nge2 d6 6. d4 f5 7. dxc5 dxc5 8. Qxd8+ Kxd8 9. Nd5 Nf6 10. Nec3 Be6 11. Bd2 Bxd5 12. cxd5 Na7 13. h3 h5 14. O-O-O Bd6 15. Kb1 Ke7 16. e4 f4 17. g3 g5 18. h4 Ng4 19. Be1 fxg3 20. fxg3 gxh4 21. Rxh4 b6 22. Bh3 Rag8 23. Rd3 Nc8 24. Rf3 Bb8 25. Rf5 Nf6 26. Kc2 Kf7 27. Kb3 Re8 28. Nb5 Kg6 29. Bg2 Nd6 30. Nxd6 Bxd6 31. Kc4 b5+ 32. Kxb5 Rb8+ 33. Kc4 Rxb2 34. Rf2 Rb1 35. Bc3 Rhb8 36. Rh1 R1b3 37. Ra1 a4 38. Rf5 Ng4 39. Rf3 Be7 40. Bh3 Nf6 41. Bf5+ Kg7 42. Rff1 Bd6 43. Rg1 Kf7 44. Rh1 Rg8 45. Rh3 Ke7 46. Ra2 Rg5 47. Rb2 Rxb2 48. Bxb2 Rg8 49. Bc3 Rb8 50. Rh2 Rb1 51. Rb2 Rg1 52. Rb7+ Ke8 53. Rb6 Ke7 54. Rb7+ Ke8 55. Kb5 Rxg3 56. Be1 Rb3+ 57. Kc6 Rxb7 1-0

[Event "Pamplona 9495"]
[Site "Pamplona"]
[Date "1994.??.??"]
[Round "?"]
[White "Zvjaginsev, Vadim"]
[Black "Comas Fabrego, Luis"]
[Result "1-0"]
[WhiteElo "2585"]
[BlackElo "2490"]
[PlyCount "47"]
[EventDate "1994.12.??"]
[Source "ChessBase"]

1. Nf3 e6 2. c4 f5 3. g3 Nf6 4. Bg2 Be7 5. O-O O-O 6. Nc3 d6 7. d3 c5 8. a3 Nc6 9. Rb1 a5 10. d4 Ne4 11. d5 Nxc3 12. bxc3 exd5 13. cxd5 Nb8 14. Ne1 Na6 15. c4 Nc7 16. Nd3 Bf6 17. Bf4 Ne8 18. h4 Ra6 19. Qc2 Rb6 20. Bd2 Ra6 21. Rfe1 Kh8 22. e4 Qc7 23. Nf4 Bd4 24. exf5 1-0

[Event "It (Open) Abudhabi UAE"]
[Site "?"]
[Date "2005.??.??"]
[Round "9"]
[White "Rausis Igors"]
[Black "Gleizerov Evgeny"]
[Result "1-0"]
[WhiteElo "2498"]
[BlackElo "2572"]
[PlyCount "53"]
[EventDate "2005.??.??"]
[Source "www.chesslib.no"]
[SourceDate "2004.05.04"]

1. Nf3 e6 2. g3 f5 3. Bg2 Nf6 4. O-O Be7 5. c4 O-O 6. Nc3 c6 7. d3 d6 8. e4 e5 9. c5 Na6 10. cxd6 Qxd6 11. d4 fxe4 12. Nxe5 Bf5 13. g4 Be6 14. g5 Nd5 15. Nxe4 Qd8 16. f4 Bb4 17. Ng3 g6 18. h4 Nac7 19. h5 Ne7 20. hxg6 hxg6 21. Be4 Qe8 22. Nxg6 Nxg6 23. Qh5 Bf7 24. f5 Nf4 25. Qh4 Ng6 26. Qh6 Bd5 27. Nh5 1-0

[Event "ARG-World"]
[Site "Buenos Aires"]
[Date "1994.??.??"]
[Round "9"]
[White "Sunye Neto, Jaime"]
[Black "Hoffman, Alejandro"]
[Result "1-0"]
[WhiteElo "2530"]
[BlackElo "2540"]
[PlyCount "83"]
[EventDate "1994.04.??"]
[Source "ChessBase"]

1. c4 b6 2. Nc3 Bb7 3. e4 e6 4. Nf3 Bb4 5. Bd3 Ne7 6. O-O O-O 7. Re1 f5 8. exf5 Nxf5 9. Be4 Bxe4 10. Rxe4 Bxc3 11. dxc3 Nc6 12. Bf4 Rc8 13. Qd3 Qe8 14. Rae1 h6 15. b4 Qe7 16. a3 g5 17. Bc1 Rf7 18. Rg4 Rg7 19. c5 bxc5 20. b5 c4 21. Qxc4 Nd8 22. Qd3 Qd6 23. Qe2 Nf7 24. Nd4 Nh4 25. g3 Ng6 26. Re4 Qb6 27. c4 Nd6 28. Nxe6 dxe6 29. Rxe6 Qb7 30. Bb2 Rf8 31. c5 Nf5 32. Bxg7 Kxg7 33. Qd3 g4 34. R1e4 h5 35. Rc6 Qc8 36. b6 Qd8 37. Rxc7+ Kh6 38. Qxd8 Rxd8 39. Re6 Rd1+ 40. Kg2 Nd4 41. Rd6 h4 42. gxh4 1-0

[Event "ESP-Tch  1a Div"]
[Site "Ciudad Real"]
[Date "2004.08.27"]
[Round "5"]
[White "Matamoros Franco, Carlos S"]
[Black "Moskalenko, Viktor"]
[Result "0-1"]
[WhiteElo "2510"]
[BlackElo "2558"]
[PlyCount "50"]
[EventDate "2004.08.23"]
[Source "Roberto Alvarez"]
[SourceDate "2004.09.06"]

1. c4 e6 2. Nf3 f5 3. g3 Nf6 4. Bg2 d5 5. O-O c6 6. d3 dxc4 7. dxc4 Qxd1 8. Rxd1 Nbd7 9. b3 Bc5 10. Bb2 O-O 11. Nc3 Re8 12. Ne1 e5 13. Nd3 Bf8 14. e4 fxe4 15. Nxe4 Nxe4 16. Bxe4 Nf6 17. Bg2 e4 18. Ne1 Bg4 19. Rdc1 e3 20. fxe3 Rxe3 21. Bd4 Ree8 22. h3 Be2 23. Rc2 Rad8 24. Bxf6 gxf6 25. Bf3 Bd1 0-1

[Event "CRO-Cup"]
[Site "?"]
[Date "2000.??.??"]
[Round "5"]
[White "Morovic Fernandez Ivan"]
[Black "Zaja Ivan"]
[Result "1-0"]
[WhiteElo "2611"]
[BlackElo "2452"]
[PlyCount "53"]
[EventDate "2000.??.??"]
[Source "www.chesslib.no"]
[SourceDate "2004.05.04"]

1. c4 e6 2. Nc3 b6 3. Nf3 Bb7 4. e4 Bb4 5. Bd3 Ne7 6. O-O Ng6 7. Bc2 Bxc3 8. bxc3 e5 9. d4 d6 10. Be3 O-O 11. Nd2 Qh4 12. c5 bxc5 13. dxc5 dxc5 14. g3 Qe7 15. Qc1 c4 16. Rb1 Ba6 17. Ba4 c6 18. Qb2 Rc8 19. Qb4 Qxb4 20. Rxb4 Nd7 21. Bd1 Rcb8 22. Be2 c5 23. Ra4 Bb5 24. Ra5 Bc6 25. Rd1 Rb2 26. Bxc4 Ne7 27. Bb3 1-0

[Event "Lone Pine Open"]
[Site "Lone Pine, CA USA"]
[Date "1979.??.??"]
[Round "7"]
[White "Gheorghiu, Florin"]
[Black "Sahovic, Dragutin"]
[Result "1/2-1/2"]
[WhiteElo "2540"]
[BlackElo "2520"]
[PlyCount "38"]
[EventDate "1979.03.??"]
[Source "www.chesslib.no"]
[SourceDate "2004.05.04"]

1. c4 Nc6 2. Nc3 Nf6 3. d4 e5 4. d5 Ne7 5. g3 d6 6. e4 g6 7. h4 Bg7 8. Be2 h5 9. f3 Bh6 10. Bxh6 Rxh6 11. Qd2 Neg8 12. O-O-O Bd7 13. Kb1 a6 14. Qe3 Qe7 15. Bf1 Rh8 16. Nh3 Nh7 17. Ng5 Nxg5 18. hxg5 f6 19. gxf6 Nxf6 1/2-1/2